000 00312 a2200145 4500
001 165205
020 _a
040 _cMagnum
100 _aLima, Lauro de Oliveira
240 1 0 _aPiaget para principiantes
_lpor
245 1 0 _aPiaget para principiantes
362 0 _a1899
697 _aPEDAGOGIA
942 _cBK
999 _c165205
_d165205